000 00454nam a2200181Ia 4500
001 16644
005 20260306170325.0
008 260306t2016||||xx |||||||||||||| ||und||
041 _aESP
082 _a348.811
_bJ54
100 _aJiménez Coronado, Ludmin Gustavo
_eAUT
245 0 _aManual de seguridad y salud en el trabajo
260 _c2016
300 _a387 páginas :
_c25 cm.
650 _aGEN
654 _aCDE
942 _cLIB
_dJUS
_fJUS
_2ddc
_n
999 _c16644
_d16644